[Event "8th EUR-ch"]
[Site "Dresden GER"]
[Date "2007.04.05"]
[Round "3.28"]
[White "Nielsen, Peter Heine"]
[Black "Baramidze, David"]
[Result "0-1"]
[WhiteElo "2649"]
[BlackElo "2543"]
[EventDate "2007.04.03"]
[PlyCount "68"]

1.d4 d5 2.c4 c6 3.Nf3 Nf6 4.Nc3 dxc4 5.a4 Bf5 6.Ne5 e6 7.f3 c5 8.e4 cxd4 
9.exf5 Bb4 10.fxe6 fxe6 11.Bxc4 dxc3 12.Qxd8+ Kxd8 13.Ke2 cxb2 14.Bxb2 Ke7
15.Nd3 Rc8 16.Rac1 a5 17.Nxb4 axb4 18.Bb5 Nbd7 19.Rhd1 Nd5 20.Kf2 g6 21.
Bd4 Kd6 22.Rb1 Rc2+ 23.Kg1 Nc5 24.Bf2 Nxa4 25.Rxb4 Nc3 26.Rc4 Raa2 27.Bc5+
Kc7 28.Bd4+ Kb8 29.Be5+ Ka7 30.Bd4+ b6 31.Rxc3 Nxc3 32.Bxc3 Rxc3 33.h4 
Rcc2 34.Bf1 b5 0-1

[Event "8th EUR-ch"]
[Site "Dresden GER"]
[Date "2007.04.05"]
[Round "3.80"]
[White "Karjakin, Sergey"]
[Black "Bruned, Boris"]
[Result "1-0"]
[WhiteElo "2686"]
[BlackElo "2194"]
[EventDate "2007.04.03"]
[PlyCount "79"]

1.d4 Nf6 2.c4 e6 3.Nc3 Bb4 4.e3 c5 5.Ne2 cxd4 6.exd4 O-O 7.a3 Be7 8.d5 
exd5 9.cxd5 Bc5 10.b4 Bb6 11.Na4 Re8 12.Nxb6 axb6 13.h3 d6 14.Be3 Ne4 15.
Qd4 Nd7 16.Nf4 Qe7 17.Bb5 Ng3 18.fxg3 Qxe3+ 19.Qxe3 Rxe3+ 20.Kf2 Rc3 21.
Rhc1 Rxc1 22.Rxc1 Nf6 23.g4 g5 24.Nh5 Nxd5 25.Bc4 Nc7 26.Bxf7+ Kxf7 27.
Rxc7+ Ke6 28.Rxh7 Rxa3 29.Rc7 Ra8 30.Ke3 Ke5 31.Re7+ Be6 32.Ng7 Ra3+ 33.
Kf2 Ra2+ 34.Kg3 Ra3+ 35.Kh2 Kf6 36.Rxe6+ Kxg7 37.Rxd6 Re3 38.Rxb6 Re7 39.
g3 Kg8 40.Rg6+ 1-0

[Event "8th EUR-ch"]
[Site "Dresden GER"]
[Date "2007.04.05"]
[Round "3.87"]
[White "Swinkels, Robin"]
[Black "Bauer, Christian"]
[Result "0-1"]
[WhiteElo "2422"]
[BlackElo "2629"]
[EventDate "2007.04.03"]
[PlyCount "76"]

1.e4 c5 2.Nf3 b6 3.d4 cxd4 4.Nxd4 Bb7 5.Nc3 a6 6.Be3 e6 7.f3 Qc7 8.Qd2 Nf6
9.O-O-O Bb4 10.Nde2 Nc6 11.Bf4 Qc8 12.a3 Be7 13.Na4 Na5 14.Nec3 Qc6 15.Be3
b5 16.Nb6 Rd8 17.e5 Nh5 18.g4 Nf4 19.Bxf4 Qxb6 20.Ne4 Bxe4 21.fxe4 O-O 22.
Bd3 b4 23.a4 b3 24.Be3 Bc5 25.Bxc5 Qxc5 26.Qc3 Qb6 27.Bc4 Nxc4 28.Qxc4 Rc8
29.Qd4 Rxc2+ 30.Kb1 Qc6 31.Rd3 Rc4 32.Qxd7 Qxe4 33.Rd1 Rxa4 34.h3 h6 35.
Qc7 Rd4 36.Qc3 Rxd3 37.Qxd3 Rd8 38.Qxe4 Rxd1# 0-1

[Event "8th EUR-ch"]
[Site "Dresden GER"]
[Date "2007.04.05"]
[Round "3.149"]
[White "Borriss, Martin"]
[Black "Kersten, Uwe"]
[Result "0-1"]
[WhiteElo "2463"]
[BlackElo "2292"]
[EventDate "2007.04.03"]
[PlyCount "78"]

1.e4 e5 2.Nf3 Nc6 3.Bb5 a6 4.Ba4 Nf6 5.O-O Nxe4 6.d4 exd4 7.Re1 d5 8.Nxd4 
Bd6 9.Nxc6 Bxh2+ 10.Kf1 Qh4 11.Be3 O-O 12.Nd4 Bg4 13.Nf3 Qh5 14.Ke2 c5 15.
c3 Bc7 16.Rh1 Qf5 17.Bc2 Qe6 18.Nd2 f5 19.Kf1 Rae8 20.Nb3 b6 21.Qe1 Qf6 
22.Qc1 f4 23.Bd2 h6 24.Bd1 a5 25.a4 Bc8 26.Be2 Kh8 27.Bb5 Re7 28.Qd1 Nd6 
29.Be2 Rfe8 30.Nc1 Rxe2 31.Nxe2 Ba6 32.Ng1 f3 33.gxf3 Rxe2 34.Nxe2 Qxf3 
35.Rg1 Ne4 36.Be3 Bg3 37.Qe1 Bh2 38.Rc1 Ng3+ 39.Rxg3 Qh1+ 0-1

[Event "8th EUR-ch"]
[Site "Dresden GER"]
[Date "2007.04.05"]
[Round "3.164"]
[White "Martinovic, Sasa"]
[Black "Muehle, Hans-Bernd"]
[Result "1-0"]
[WhiteElo "2400"]
[BlackElo "1944"]
[EventDate "2007.04.03"]
[PlyCount "109"]

1.d4 Nf6 2.c4 e6 3.Nc3 Bb4 4.e3 O-O 5.Ne2 b6 6.a3 Be7 7.Ng3 d5 8.cxd5 exd5
9.Bd3 Re8 10.O-O c5 11.Bb5 Bd7 12.Be2 Bc6 13.Qc2 Qc7 14.Bf3 Qb7 15.Rb1 Na6
16.Rd1 Rad8 17.b3 Bf8 18.Bb2 Nc7 19.dxc5 bxc5 20.Nce2 Nd7 21.b4 c4 22.b5 
Qxb5 23.Bf6 Qa5 24.Bxd8 Rxd8 25.Qc3 Qa6 26.Nd4 Ba4 27.Rd2 Nc5 28.Rdb2 Nb3 
29.Nxb3 Bxb3 30.Rxb3 cxb3 31.Qxc7 Rc8 32.Qe5 Qd3 33.Rd1 Qc2 34.Qxd5 b2 35.
Be4 Qc1 36.Rf1 Bxa3 37.Bb1 Bb4 38.Qe4 a5 39.Qxh7+ Kf8 40.Nf5 Ke8 41.Qg8+ 
Bf8 42.Nd6+ Ke7 43.Nxc8+ Qxc8 44.Ba2 Qf5 45.Rb1 Qf6 46.Qxf7+ Qxf7 47.Bxf7 
Kxf7 48.Rxb2 a4 49.Rb6 a3 50.Ra6 Ke8 51.Ra8+ Kf7 52.Kf1 Bd6 53.Ke2 Ke6 54.
Kd3 Kd5 55.Kc3 1-0

[Event "8th EUR-ch"]
[Site "Dresden GER"]
[Date "2007.04.05"]
[Round "3.192"]
[White "Schulz, Michael"]
[Black "Marville, Gregoire"]
[Result "1-0"]
[WhiteElo "2250"]
[BlackElo "2031"]
[EventDate "2007.04.03"]
[PlyCount "69"]

1.d4 d5 2.Bg5 f6 3.Bf4 Nc6 4.Nf3 Bf5 5.e3 g5 6.Bg3 Nb4 7.Na3 e6 8.c3 Nc6 
9.Nb5 Bd6 10.Nxd6+ cxd6 11.Qb3 Qd7 12.h4 g4 13.Nd2 Nge7 14.Qa3 Rd8 15.Be2 
h5 16.b4 a6 17.O-O Rg8 18.b5 axb5 19.Bxb5 Kf7 20.c4 dxc4 21.e4 Bh7 22.d5 
exd5 23.exd5 Nxd5 24.Bxc4 Ne7 25.Rfe1 Kg7 26.Qb3 Qc6 27.Rac1 Kh8 28.Bxd5 
Qxd5 29.Rxe7 Qxd2 30.Rcc7 Bg6 31.Qe6 Qd4 32.Rxb7 d5 33.Kh2 Rgf8 34.Rh7+ 
Bxh7 35.Qe7 1-0

[Event "8th EUR-ch"]
[Site "Dresden GER"]
[Date "2007.04.06"]
[Round "4.27"]
[White "Jovanovic, Zoran"]
[Black "Vaganian, Rafael"]
[Result "1/2-1/2"]
[WhiteElo "2529"]
[BlackElo "2590"]
[EventDate "2007.04.03"]
[PlyCount "31"]

1.e4 e6 2.d4 d5 3.Nc3 Bb4 4.Bd3 dxe4 5.Bxe4 Nf6 6.Bf3 O-O 7.Ne2 e5 8.O-O 
Bxc3 9.Nxc3 exd4 10.Nb5 c5 11.Bf4 a6 12.Nd6 Nc6 13.c3 Be6 14.Bxc6 bxc6 15.
cxd4 cxd4 16.Qxd4 1/2-1/2

[Event "8th EUR-ch"]
[Site "Dresden GER"]
[Date "2007.04.06"]
[Round "4.33"]
[White "Eljanov, Pavel"]
[Black "Chuchelov, Vladimir"]
[Result "1-0"]
[WhiteElo "2686"]
[BlackElo "2539"]
[EventDate "2007.04.03"]
[PlyCount "93"]

1.d4 Nf6 2.c4 e6 3.Nc3 Bb4 4.e3 O-O 5.a3 Bxc3+ 6.bxc3 b6 7.Bd3 Bb7 8.Ne2 
Bxg2 9.Rg1 Be4 10.Ng3 Bxd3 11.Qxd3 Nc6 12.e4 Ne8 13.h4 f6 14.Ra2 Kh8 15.f3
Qe7 16.Rag2 Qf7 17.Ne2 Na5 18.Nf4 e5 19.Nd5 c6 20.Ne3 Rc8 21.h5 exd4 22.
cxd4 d5 23.cxd5 cxd5 24.Bd2 dxe4 25.fxe4 Qb3 26.Ke2 Qxd3+ 27.Kxd3 Nb7 28.
Nf5 Rc7 29.Bf4 Rd7 30.Ke3 Nbd6 31.Nxd6 Nxd6 32.Bxd6 Rxd6 33.Rxg7 a5 34.Rb7
f5 35.Rf1 Rfd8 36.Rxf5 Rxd4 37.Rff7 Rd3+ 38.Kf4 h6 39.Rxb6 Rxa3 40.Rxh6+ 
Kg8 41.Rhh7 Rh3 42.Rfg7+ Kf8 43.Ra7 Kg8 44.Raf7 Rf8 45.e5 Ra3 46.Rg7+ Kh8 
47.Ke4 1-0

[Event "8th EUR-ch"]
[Site "Dresden GER"]
[Date "2007.04.06"]
[Round "4.63"]
[White "Popov, Valerij"]
[Black "Iotov, Valentin"]
[Result "1/2-1/2"]
[WhiteElo "2589"]
[BlackElo "2491"]
[EventDate "2007.04.03"]
[PlyCount "61"]

1.d4 Nf6 2.c4 e6 3.Nc3 Bb4 4.e3 O-O 5.Ne2 d5 6.a3 Be7 7.Ng3 c6 8.Bd3 Re8 
9.O-O Nbd7 10.Bd2 e5 11.cxd5 cxd5 12.Qb3 e4 13.Bb5 a6 14.Bxd7 Qxd7 15.Na4 
Rb8 16.Nb6 Qd6 17.Nxc8 Rexc8 18.Nf5 Qd7 19.Nxe7+ Qxe7 20.Rfc1 Qd7 21.h3 
Rxc1+ 22.Rxc1 Rc8 23.Rxc8+ Qxc8 24.Qb6 h5 25.Bc3 Kh7 26.Qc5 Qd7 27.b3 Kg6 
28.a4 Nh7 29.Qb6+ f6 30.Qb4 Ng5 31.Qc5 1/2-1/2

[Event "8th EUR-ch"]
[Site "Dresden GER"]
[Date "2007.04.06"]
[Round "4.190"]
[White "Kayser, Felix"]
[Black "Hutchinson, Norman"]
[Result "1-0"]
[WhiteElo "2194"]
[BlackElo "2087"]
[EventDate "2007.04.03"]
[PlyCount "113"]

1.e4 c6 2.d4 d5 3.exd5 cxd5 4.Bd3 Nc6 5.c3 Qc7 6.Ne2 Bg4 7.f3 Bh5 8.Nf4 
Nf6 9.g4 Bg6 10.Bxg6 hxg6 11.g5 Nh5 12.Nxd5 Qd6 13.Ne3 Ng3 14.Rg1 Rxh2 15.
Qd3 Ne2 16.Qxe2 Rxe2+ 17.Kxe2 Qh2+ 18.Rg2 Qh1 19.Nd2 Qh3 20.Ne4 e5 21.d5 
Ne7 22.Rg4 Nf5 23.Bd2 O-O-O 24.Rag1 Qh7 25.Nf2 Qg8 26.Rh1 Be7 27.Ne4 Qe8 
28.c4 Qa4 29.Nc3 Qa6 30.Kd3 Bc5 31.Rh2 Nd4 32.Rh3 b5 33.b3 bxc4+ 34.bxc4 
Qa3 35.Rg1 Bb4 36.Nd1 Kc7 37.Re1 Bxc3 38.Nxc3 Qb2 39.Rxe5 Qc2+ 40.Ke3 Nc6 
41.Re4 Nb4 42.Nb5+ Kb6 43.Bxb4 Qg2 44.Rhh4 Qxg5+ 45.Kf2 f5 46.Re6+ Kb7 47.
Be7 Qd2+ 48.Re2 Qa5 49.Bxd8 Qxd8 50.Rh7 Qf8 51.d6 a6 52.Rxg7+ Kb6 53.Rxg6 
axb5 54.d7+ Kc7 55.Rd2 Qd8 56.Rg8 Qh4+ 57.Kg2 1-0

[Event "8th EUR-ch"]
[Site "Dresden GER"]
[Date "2007.04.07"]
[Round "5.61"]
[White "Grigoriants, Sergey"]
[Black "Wells, Peter"]
[Result "1/2-1/2"]
[WhiteElo "2594"]
[BlackElo "2499"]
[EventDate "2007.04.03"]
[PlyCount "51"]

1.d4 Nf6 2.c4 e6 3.Nc3 Bb4 4.e3 O-O 5.Ne2 d5 6.a3 Be7 7.cxd5 Nxd5 8.Bd2 
Nd7 9.g3 b6 10.Nxd5 exd5 11.Bg2 Nf6 12.O-O Bf5 13.Nf4 Qd7 14.Qb3 Rfd8 15.
Rac1 Rac8 16.Rfd1 a5 17.Be1 a4 18.Qc3 c6 19.Qd2 Bd6 20.Qe2 Bxf4 21.exf4 
Bh3 22.Qa6 Bxg2 23.Kxg2 b5 24.Bb4 h5 25.Re1 h4 26.f3 1/2-1/2

[Event "8th EUR-ch"]
[Site "Dresden GER"]
[Date "2007.04.08"]
[Round "6.39"]
[White "Nataf, Igor-Alexandre"]
[Black "Rodshtein, Maxim"]
[Result "1/2-1/2"]
[WhiteElo "2596"]
[BlackElo "2530"]
[EventDate "2007.04.03"]
[PlyCount "73"]

1.e4 e6 2.d4 d5 3.Nc3 Bb4 4.exd5 exd5 5.Bd3 c6 6.Ne2 Nf6 7.O-O O-O 8.Ng3 
Re8 9.Bg5 h6 10.Bd2 Nbd7 11.a3 Ba5 12.Re1 Rxe1+ 13.Qxe1 Bc7 14.Nf5 Nf8 15.
Ne7+ Kh8 16.Nxc8 Qxc8 17.Qe7 Qd7 18.Qxd7 N6xd7 19.Ne2 Ne6 20.Be3 Nf6 21.f3
Rd8 22.Kf2 h5 23.Bf5 Re8 24.g3 g6 25.Bh3 Kg7 26.a4 Nd7 27.Nc1 f5 28.Nd3 
Bb6 29.Re1 Kf7 30.c3 c5 31.dxc5 Nexc5 32.Nxc5 Nxc5 33.Bxc5 Bxc5+ 34.Kf1 
Rxe1+ 35.Kxe1 d4 36.cxd4 Bxd4 37.b3 1/2-1/2

[Event "8th EUR-ch"]
[Site "Dresden GER"]
[Date "2007.04.08"]
[Round "6.180"]
[White "Almond, Richard"]
[Black "Lochte, Thomas"]
[Result "1/2-1/2"]
[WhiteElo "2088"]
[BlackElo "2221"]
[EventDate "2007.04.03"]
[PlyCount "90"]

1.d4 Nf6 2.c4 e5 3.dxe5 Ng4 4.e4 Nxe5 5.f4 Nec6 6.Be3 Bb4+ 7.Nc3 Qe7 8.Bd3
f5 9.Qc2 d6 10.Ne2 fxe4 11.Bxe4 Bf5 12.O-O-O Bxe4 13.Nxe4 O-O 14.Kb1 Nd7 
15.Bc1 Rae8 16.Ng5 Nf6 17.Ng3 h6 18.Nf3 Qf7 19.Nh4 Bc5 20.Ngf5 Re4 21.b3 
Rfe8 22.Qd3 Bf2 23.Rhf1 Bxh4 24.Nxh4 Qh5 25.Nf3 Re2 26.Rd2 R8e3 27.Qxe2 
Qf5+ 28.Ka1 Rxe2 29.Rxe2 Nb4 30.Rd1 Ne4 31.Bb2 Nc5 32.Nd4 Qg4 33.h3 Qxf4 
34.a3 Nbd3 35.Bc3 Ne4 36.Ne6 Qf5 37.Nd4 Qc5 38.Rxe4 Qxa3+ 39.Kb1 Ne5 40.
Bb2 Qb4 41.Re3 a5 42.Nc2 Qb6 43.Bxe5 dxe5 44.Rd5 a4 45.b4 Qc6 1/2-1/2

[Event "8th EUR-ch"]
[Site "Dresden GER"]
[Date "2007.04.08"]
[Round "6.185"]
[White "Leiber, Bernard"]
[Black "Grigoryan, Meri"]
[Result "1-0"]
[WhiteElo "2190"]
[BlackElo "2058"]
[EventDate "2007.04.03"]
[PlyCount "93"]

1.d4 d5 2.Nf3 Nc6 3.Bf4 Bg4 4.e3 e6 5.c4 Nf6 6.Nc3 Bd6 7.Bg3 Bxg3 8.hxg3 
Qd6 9.Qb3 Qb4 10.Ne5 Qxb3 11.axb3 Nxe5 12.dxe5 Nd7 13.cxd5 Nxe5 14.f3 Bf5 
15.e4 Bg6 16.f4 Ng4 17.Be2 Nf6 18.Ra4 h6 19.g4 exd5 20.f5 Bh7 21.exd5 Kd7 
22.Kf2 h5 23.gxh5 Bxf5 24.g4 Bc2 25.Rc1 Bxb3 26.Rb4 Bxd5 27.Rd1 c6 28.
Rxb7+ Ke6 29.g5 Ne4+ 30.Nxe4 Bxe4 31.Rdd7 Bd5 32.Rxf7 Rhf8 33.g6 c5 34.
Re7+ Kd6 35.Rd7+ Ke6 36.Bg4+ Ke5 37.Rxd5+ Kxd5 38.Bf3+ Ke6 39.Bxa8 Rxa8 
40.Rxg7 Rb8 41.Rxa7 Rxb2+ 42.Kf3 Rb8 43.Kf4 c4 44.Rc7 Rb5 45.g7 Rb8 46.h6 
c3 47.h7 1-0

[Event "8th EUR-ch"]
[Site "Dresden GER"]
[Date "2007.04.09"]
[Round "7.41"]
[White "Kanep, Meelis"]
[Black "Nataf, Igor-Alexandre"]
[Result "1/2-1/2"]
[WhiteElo "2508"]
[BlackElo "2596"]
[EventDate "2007.04.03"]
[PlyCount "33"]

1.d4 Nf6 2.c4 g6 3.Nc3 Bg7 4.Nf3 O-O 5.Bg5 c5 6.d5 d6 7.e4 h6 8.Bf4 Nh5 9.
Be3 e5 10.dxe6 Bxe6 11.Qd2 Kh7 12.Rd1 Qb6 13.Be2 Nc6 14.O-O Rad8 15.b3 Nf6
16.h3 Qa5 17.Rc1 1/2-1/2

[Event "8th EUR-ch"]
[Site "Dresden GER"]
[Date "2007.04.09"]
[Round "7.42"]
[White "Grigoriants, Sergey"]
[Black "Iljin, Artem"]
[Result "1/2-1/2"]
[WhiteElo "2594"]
[BlackElo "2538"]
[EventDate "2007.04.03"]
[PlyCount "40"]

1.Nf3 Nf6 2.c4 b6 3.g3 c5 4.Bg2 Bb7 5.Nc3 e6 6.O-O Be7 7.d4 cxd4 8.Qxd4 d6
9.Bg5 h6 10.Bxf6 Bxf6 11.Qd3 a6 12.Rad1 Be7 13.Ne4 Bxe4 14.Qxe4 Ra7 15.Nd4
O-O 16.a4 Qc8 17.b3 Qc5 18.Rd3 Rc8 19.Rfd1 Kh8 20.b4 Bf6 1/2-1/2

[Event "8th EUR-ch"]
[Site "Dresden GER"]
[Date "2007.04.09"]
[Round "7.46"]
[White "Babula, Vlastimil"]
[Black "Kulaots, Kaido"]
[Result "1-0"]
[WhiteElo "2586"]
[BlackElo "2525"]
[EventDate "2007.04.03"]
[PlyCount "83"]

1.d4 d5 2.c4 c6 3.Nf3 Nf6 4.Nc3 dxc4 5.a4 Bf5 6.Ne5 Nbd7 7.Nxc4 Nb6 8.Ne5 
a5 9.Bg5 g6 10.f3 h6 11.Bh4 Bg7 12.e4 Be6 13.Be2 O-O 14.Bf2 Qc7 15.O-O Nh5
16.g3 Nf6 17.Qc2 Nfd7 18.f4 Nxe5 19.dxe5 Rac8 20.Rac1 Bc4 21.Bxc4 Nxc4 22.
Qe2 Nb6 23.Nb5 Qd8 24.Na7 Ra8 25.Rfd1 Qb8 26.Bxb6 Rxa7 27.Bxa7 Qxa7+ 28.
Kg2 e6 29.Rd7 Qb6 30.Rc3 Re8 31.Rcd3 Bf8 32.b3 Qb4 33.Rc7 h5 34.Rdd7 Re7 
35.Qd3 Rxd7 36.Rxd7 Bc5 37.f5 Qe1 38.fxg6 Qf2+ 39.Kh3 fxg6 40.Rxb7 Bd4 41.
Qc4 Kh8 42.Qxe6 1-0

[Event "8th EUR-ch"]
[Site "Dresden GER"]
[Date "2007.04.09"]
[Round "7.47"]
[White "Petrosian, Tigran"]
[Black "Guseinov, Gadir"]
[Result "1/2-1/2"]
[WhiteElo "2580"]
[BlackElo "2586"]
[EventDate "2007.04.03"]
[PlyCount "86"]

1.e4 c5 2.Nf3 g6 3.d4 cxd4 4.Nxd4 Bg7 5.Nc3 Nc6 6.Be3 Nf6 7.Bc4 O-O 8.Bb3 
a5 9.O-O Nxd4 10.Bxd4 d6 11.a4 Bd7 12.f4 Bc6 13.Qe2 Nd7 14.e5 e6 15.Rad1 
dxe5 16.fxe5 Qg5 17.Ne4 Bxe4 18.Qxe4 Bxe5 19.Be3 Nf6 20.Qf3 Qh4 21.g3 Qg4 
22.Qxb7 Bxg3 23.Qg2 Be5 24.Bg5 Qxg2+ 25.Kxg2 Kg7 26.Bc1 Rfc8 27.Rde1 Nd7 
28.Re2 Rc7 29.c3 f6 30.Be3 Kf7 31.Bc2 Rb8 32.Bd3 Ke7 33.Bb5 Nb6 34.Bh6 Nd7
35.Rd1 g5 36.h4 gxh4 37.Kh3 Rg8 38.Kxh4 Nf8 39.Bxf8+ Rxf8 40.Rg1 Kf7 41.
Rf1 Ke7 42.Rg1 Kf7 43.Rf1 Ke7 1/2-1/2

[Event "8th EUR-ch"]
[Site "Dresden GER"]
[Date "2007.04.09"]
[Round "7.49"]
[White "Minasian, Artashes"]
[Black "Holzke, Frank"]
[Result "1/2-1/2"]
[WhiteElo "2586"]
[BlackElo "2467"]
[EventDate "2007.04.03"]
[PlyCount "52"]

1.g3 e5 2.c4 c6 3.Nc3 d5 4.cxd5 cxd5 5.d4 exd4 6.Qxd4 Nf6 7.Bg5 Be7 8.Bg2 
Nc6 9.Qa4 d4 10.Bxc6+ bxc6 11.Rd1 O-O 12.Rxd4 Qb6 13.Ne4 Qxb2 14.Nxf6+ 
Bxf6 15.Bxf6 c5 16.Rf4 gxf6 17.Kf1 Rd8 18.Kg2 Rd4 19.Rxd4 cxd4 20.Nf3 Qxe2
21.Qc6 Rb8 22.Qxf6 Bb7 23.Rc1 Bxf3+ 24.Qxf3 Qxf3+ 25.Kxf3 Rb2 26.Rd1 Rxa2 
1/2-1/2

[Event "8th EUR-ch"]
[Site "Dresden GER"]
[Date "2007.04.09"]
[Round "7.51"]
[White "Manolache, Marius"]
[Black "Jovanovic, Zoran"]
[Result "1/2-1/2"]
[WhiteElo "2504"]
[BlackElo "2529"]
[EventDate "2007.04.03"]
[PlyCount "197"]

1.d4 d6 2.Nf3 g6 3.g3 Bg7 4.Bg2 Nf6 5.c4 O-O 6.Nc3 c6 7.O-O Qa5 8.Nd2 Qh5 
9.e4 Qxd1 10.Rxd1 Na6 11.h3 Bh6 12.Nb3 Bxc1 13.Raxc1 e5 14.Rd2 c5 15.dxe5 
dxe5 16.Rd6 Kg7 17.Rxa6 bxa6 18.Nxc5 Nd7 19.Nb3 Rb8 20.Rd1 Nb6 21.Na5 Be6 
22.Bf1 Rfc8 23.b3 Rc5 24.b4 Rxa5 25.bxa5 Nxc4 26.Nd5 Nxa5 27.Rc1 Rb2 28.
Rc7 Rxa2 29.Rxa7 Nc6 30.Rxa6 Rxa6 31.Bxa6 Bxh3 32.Kh2 Be6 33.Ne3 Nd4 34.
Kg2 Bd7 35.Bc4 f6 36.Bd5 h5 37.f3 Kf8 38.Kf2 Nb5 39.Nd1 Ke7 40.Bc4 Nc7 41.
Ne3 Be8 42.Ng2 Na8 43.Bb3 Nb6 44.Ke3 g5 45.Kf2 Kd6 46.Ne3 Bg6 47.Ba2 Nc8 
48.Bg8 Ne7 49.Bb3 Be8 50.Ba2 Kc5 51.Be6 Kb4 52.Nc2+ Kc5 53.Ne3 Bg6 54.Ba2 
Nc6 55.Bg8 Nb4 56.Bc4 Kd4 57.Be6 Nd3+ 58.Ke2 Nc5 59.Bc8 Na4 60.Nc2+ Kc5 
61.Ne3 Bf7 62.Ba6 Be6 63.Kf2 Nc3 64.Bf1 Na2 65.Ba6 Nb4 66.Be2 Kd4 67.Bb5 
h4 68.gxh4 gxh4 69.Nf1 Bc8 70.Ne3 Be6 71.Bf1 h3 72.Nd1 h2 73.Bg2 Nd3+ 74.
Kg3 Bf7 75.Nf2 Nxf2 76.Kxf2 Kd3 77.Bf1+ Kd2 78.Bg2 Be6 79.Bh1 Bd7 80.Bg2 
Bh3 81.Bh1 Kd3 82.Kg3 Bf1 83.Kf2 Bh3 84.Kg3 Be6 85.Kf2 Kd2 86.Bg2 Bc8 87.
Bh1 Ba6 88.Bg2 Kd3 89.Bh1 Kd4 90.Bg2 Bd3 91.Bh1 Bc2 92.Bg2 f5 93.exf5 Bxf5
94.Bh1 Kd3 95.Bg2 Be6 96.Bh1 Bd5 97.Bg2 Kd2 98.Bh1 Bxf3 99.Bxf3 1/2-1/2

[Event "8th EUR-ch"]
[Site "Dresden GER"]
[Date "2007.04.09"]
[Round "7.53"]
[White "Chuchelov, Vladimir"]
[Black "Jobava, Baadur"]
[Result "0-1"]
[WhiteElo "2539"]
[BlackElo "2658"]
[EventDate "2007.04.03"]
[PlyCount "42"]

1.Nf3 Nf6 2.c4 e6 3.Nc3 d5 4.d4 Bb4 5.cxd5 exd5 6.Bg5 c5 7.dxc5 O-O 8.Rc1 
Be6 9.a3 Bxc5 10.Bxf6 Qxf6 11.Nxd5 Bxd5 12.Qxd5 Na6 13.Qb3 Rac8 14.e3 Bb4+
15.Kd1 Rfd8+ 16.Nd4 Bc5 17.Bxa6 bxa6 18.Rxc5 Rxc5 19.Ke2 Qg6 20.Qb7 Rc2+ 
21.Nxc2 Qg4+ 0-1

[Event "8th EUR-ch"]
[Site "Dresden GER"]
[Date "2007.04.09"]
[Round "7.54"]
[White "Shanava, Konstantine"]
[Black "Sargissian, Gabriel"]
[Result "1/2-1/2"]
[WhiteElo "2532"]
[BlackElo "2651"]
[EventDate "2007.04.03"]
[PlyCount "72"]

1.e4 e5 2.Nf3 Nc6 3.Bc4 Bc5 4.c3 Nf6 5.d3 a6 6.Bb3 O-O 7.O-O d6 8.Bg5 h6 
9.Bh4 g5 10.Bg3 Bg4 11.Nbd2 Nh5 12.Kh1 Ng7 13.h3 Bh5 14.Bh2 Kh8 15.Nc4 Qf6
16.g4 Bg6 17.Ne3 Ne6 18.Nf5 Ba7 19.Qe2 Rae8 20.Rae1 Bh7 21.Nd2 Ne7 22.Qf3 
h5 23.Nc4 Nf4 24.Bc2 Neg6 25.Nce3 h4 26.Ng2 Nxg2 27.Kxg2 Qd8 28.Bb3 f6 29.
Kh1 Ne7 30.Nh6 Kg7 31.Nf5+ Nxf5 32.gxf5 Bg8 33.Qh5 Bf7 34.Bxf7 Rxf7 35.Rd1
c5 36.c4 Kf8 1/2-1/2

[Event "8th EUR-ch"]
[Site "Dresden GER"]
[Date "2007.04.09"]
[Round "7.60"]
[White "Smirnov, Pavel"]
[Black "Dziuba, Marcin"]
[Result "1/2-1/2"]
[WhiteElo "2631"]
[BlackElo "2525"]
[EventDate "2007.04.03"]
[PlyCount "67"]

1.e4 c5 2.Nf3 e6 3.d4 cxd4 4.Nxd4 a6 5.Bd3 Bc5 6.Nb3 Ba7 7.Qg4 Nf6 8.Qg3 
d6 9.Nc3 Nc6 10.O-O b5 11.Kh1 Ne5 12.f4 Nxd3 13.cxd3 O-O 14.f5 Kh8 15.Bg5 
b4 16.Ne2 exf5 17.Qh4 h6 18.Ng3 Kg8 19.Bxf6 Qxf6 20.Qxf6 gxf6 21.Nxf5 Be6 
22.Nxh6+ Kh7 23.Nf5 d5 24.Rf3 dxe4 25.dxe4 Rfd8 26.Raf1 Rd7 27.Ng3 Rad8 
28.Nh5 Rd1 29.Nxf6+ Kg6 30.h4 Bc4 31.Rxd1 Rxd1+ 32.Kh2 Bb8+ 33.g3 Rb1 34.
h5+ 1/2-1/2

[Event "8th EUR-ch"]
[Site "Dresden GER"]
[Date "2007.04.09"]
[Round "7.61"]
[White "Erdos, Viktor"]
[Black "Bauer, Christian"]
[Result "1/2-1/2"]
[WhiteElo "2518"]
[BlackElo "2629"]
[EventDate "2007.04.03"]
[PlyCount "121"]

1.d4 f5 2.c4 Nf6 3.g3 g6 4.Bg2 Bg7 5.Nf3 O-O 6.O-O d6 7.Nc3 c6 8.d5 Bd7 9.
Rb1 a5 10.Be3 Na6 11.Qd2 Ng4 12.Bf4 Nc5 13.h3 Nf6 14.Be3 Nfe4 15.Nxe4 Nxe4
16.Qd3 e5 17.dxe6 Bxe6 18.Bd4 Bh6 19.b3 Re8 20.Bb2 Qe7 21.Qd4 Bg7 22.Qxg7+
Qxg7 23.Bxg7 Kxg7 24.Rfc1 a4 25.Nd4 Bf7 26.Rc2 axb3 27.axb3 Ra3 28.e3 Nc5 
29.b4 Nd3 30.Bf1 Ne5 31.c5 Bd5 32.Bg2 Bc4 33.Bf1 d5 34.Bxc4 dxc4 35.b5 Re7
36.bxc6 bxc6 37.Rb6 Nd3 38.Rxc6 c3 39.Rd6 Nxc5 40.Nb5 Ra1+ 41.Kg2 Ne4 42.
Rc6 h5 43.Nxc3 Nxc3 44.R2xc3 Raa7 45.R3c4 Ra2 46.Rc7 Rxc7 47.Rxc7+ Kf6 48.
Rc6+ Kf7 49.g4 hxg4 50.hxg4 Ra4 51.gxf5 gxf5 52.Rd6 Ke7 53.Rd4 Ra2 54.Kg3 
Rc2 55.Rb4 Ke6 56.Rb3 Kf6 57.Rb6+ Kf7 58.Rh6 Kg7 59.Rh2 Kg6 60.Kf4 Ra2 61.
Rg2+ 1/2-1/2

[Event "8th EUR-ch"]
[Site "Dresden GER"]
[Date "2007.04.09"]
[Round "7.62"]
[White "Balogh, Csaba"]
[Black "Jenni, Florian"]
[Result "1/2-1/2"]
[WhiteElo "2617"]
[BlackElo "2518"]
[EventDate "2007.04.03"]
[PlyCount "111"]

1.e4 e5 2.Nf3 Nc6 3.Bb5 a6 4.Ba4 Nf6 5.O-O Be7 6.Re1 b5 7.Bb3 O-O 8.d4 
Nxd4 9.Nxd4 exd4 10.e5 Ne8 11.Qxd4 Bb7 12.c4 bxc4 13.Qxc4 d5 14.exd6 Nxd6 
15.Qg4 Nb5 16.Nc3 Bf6 17.Ne4 Bxe4 18.Qxe4 Bd4 19.Qf4 c5 20.Be3 Bxe3 21.
fxe3 Qe7 22.Rac1 Rad8 23.Red1 Rfe8 24.Rd5 Rxd5 25.Bxd5 g5 26.Qf2 Qxe3 27.
Bxf7+ Kg7 28.Qxe3 Rxe3 29.Bc4 Kf6 30.a4 Nc7 31.Rf1+ Ke5 32.Rf7 Nd5 33.Bxa6
Rb3 34.Rf2 Ne3 35.Rd2 Rb4 36.Bb5 h5 37.h3 g4 38.Kf2 Nf5 39.hxg4 hxg4 40.
Bd7 g3+ 41.Kf3 Rf4+ 42.Ke2 Nd4+ 43.Kd3 Rf1 44.Bg4 Rc1 45.Bd1 c4+ 46.Ke3 c3
47.bxc3 Rxc3+ 48.Rd3 Nf5+ 49.Kd2 Rxd3+ 50.Kxd3 Nh4 51.a5 Kd6 52.a6 Kc7 53.
a7 Kb7 54.Ke3 Nxg2+ 55.Kf3 Kxa7 56.Kxg3 1/2-1/2

[Event "8th EUR-ch"]
[Site "Dresden GER"]
[Date "2007.04.09"]
[Round "7.66"]
[White "Geller, Jakov"]
[Black "Popov, Valerij"]
[Result "0-1"]
[WhiteElo "2500"]
[BlackElo "2589"]
[EventDate "2007.04.03"]
[PlyCount "52"]

1.e4 c5 2.Nf3 d6 3.d4 cxd4 4.Nxd4 Nf6 5.Nc3 a6 6.a4 e5 7.Nf3 Qc7 8.Bg5 
Nbd7 9.Nd2 h6 10.Be3 Nc5 11.Bc4 Be6 12.f3 Rc8 13.O-O Be7 14.a5 O-O 15.b3 
Qc6 16.Qe2 Rfd8 17.Bxe6 fxe6 18.Nc4 Ncd7 19.Bd2 d5 20.exd5 exd5 21.Nxe5 
Nxe5 22.Qxe5 Re8 23.Qf4 Bc5+ 24.Kh1 Bd6 25.Qh4 Be5 26.Na2 Qxc2 0-1

[Event "8th EUR-ch"]
[Site "Dresden GER"]
[Date "2007.04.09"]
[Round "7.67"]
[White "Nyback, Tomi"]
[Black "Maze, Sebastien"]
[Result "1/2-1/2"]
[WhiteElo "2585"]
[BlackElo "2506"]
[EventDate "2007.04.03"]
[PlyCount "60"]

1.d4 Nf6 2.c4 g6 3.Nc3 Bg7 4.e4 d6 5.Nf3 O-O 6.Be2 c5 7.O-O cxd4 8.Nxd4 
Nc6 9.Be3 Bd7 10.Qd2 Nxd4 11.Bxd4 Bc6 12.Bd3 a5 13.b3 Nd7 14.Bxg7 Kxg7 15.
Rae1 Nc5 16.Re3 e5 17.f4 exf4 18.Rxf4 Qe7 19.Bc2 Rae8 20.Ne2 f5 21.Qxa5 
Nxe4 22.Bxe4 Bxe4 23.Qc3+ Qe5 24.Rf1 Kg8 25.Re1 Qc5 26.Qd4 Bc6 27.Qxc5 
dxc5 28.Nf4 Rxe3 29.Rxe3 Re8 30.Rd3 Rf8 1/2-1/2

[Event "8th EUR-ch"]
[Site "Dresden GER"]
[Date "2007.04.09"]
[Round "7.68"]
[White "Savchenko, Boris"]
[Black "Van der Weide, Karel"]
[Result "1/2-1/2"]
[WhiteElo "2583"]
[BlackElo "2502"]
[EventDate "2007.04.03"]
[PlyCount "190"]

1.e4 c5 2.Nf3 d6 3.d4 cxd4 4.Nxd4 Nf6 5.Nc3 a6 6.Be3 e5 7.Nb3 Be6 8.f4 
exf4 9.Bxf4 Nc6 10.Qe2 Ne5 11.Nd4 Rc8 12.O-O-O Qa5 13.Nxe6 fxe6 14.Qe1 Be7
15.Kb1 O-O 16.Nd5 Qxe1 17.Nxe7+ Kf7 18.Rxe1 Kxe7 19.c3 h6 20.Rg1 g5 21.Bc1
Nh5 22.a4 Rf6 23.Kc2 Rf2+ 24.Kb3 Rf6 25.Be3 Rf7 26.Bd4 Nc6 27.Bb6 Ne5 28.
Bd4 Nc6 29.Bb6 Ne5 30.Kc2 Nf4 31.b3 h5 32.Bd4 Nc6 33.Be3 Ne5 34.Bd4 Nc6 
35.Be3 Ne5 36.Be2 g4 37.Bd1 Nfd3 38.Ref1 Rcf8 39.Rxf7+ Rxf7 40.Kd2 Nf4 41.
Bd4 Nc6 42.Bb6 Ne5 43.Bd4 Nc6 44.Bf2 Ne5 45.Ke3 Nfg6 46.Be2 Nf4 47.Bd1 
Nfg6 48.Be1 Kd7 49.Be2 Nf4 50.Bd1 Nfg6 51.Bg3 h4 52.Be1 b5 53.Be2 Kc6 54.
Rf1 Rxf1 55.axb5+ axb5 56.Bxf1 Nd7 57.Be2 Nf6 58.Bd2 e5 59.Be1 Kc5 60.Bf1 
Kc6 61.Bf2 Kc5 62.g3 hxg3 63.Bxg3 Kc6 64.Be2 Kc5 65.b4+ Kc6 66.Bd1 d5 67.
exd5+ Nxd5+ 68.Kd2 Nf6 69.Bc2 Nf4 70.Bh4 N4d5 71.Bf5 Kd6 72.Bd3 Kc6 73.Bg5
Kb6 74.Bh6 Kc6 75.Bg6 Nf4 76.Bc2 Kd5 77.Bb3+ Ke4 78.Bg5 N4d5 79.Bd1 Kf5 
80.Bxf6 Nxf6 81.Kd3 Nd5 82.Bb3 Nf4+ 83.Ke3 Ng2+ 84.Kf2 Nf4 85.Bc2+ Kg5 86.
Be4 Kh4 87.Bc6 Kh3 88.Bxb5 Nd5 89.Bc6 Nxc3 90.Ke3 Kxh2 91.Kd2 Nb1+ 92.Kc2 
Na3+ 93.Kb3 g3 94.Kxa3 g2 95.Bxg2 Kxg2 1/2-1/2